000 00261nam a22001097a 4500
999 _c15748
_d15748
003 OSt
008 190926b ||||| |||| 00| 0 eng d
100 _aDas,P.N.
_94286
245 _aBudhan kathiyeriyunnu
260 _aThrissur
_bCurrent books
_c2000
942 _cBK